Voguing : the message /

Voguing: The Message traces the roots of this gay, black and Latino dance form, which appropriates and plays with poses and images from mainstream fashion. Footage from voguing competitions demonstrate their parody of fashion shows and how contestants are rated on the basis of movement, appearance a...

Full description

Bibliographic Details
Other Authors: Bronstein, David (Director, Producer), Low, Dorothy (Director, Producer), Walworth, Jack (Director, Producer)
Format: Video
Language:English
Language Notes:This edition in English.
Published: San Francisco, CA : Frameline, 1989.
Series:LGBT studies in video
Subjects:
Online Access:Connect to this streaming video (Alexander Street Press)

MARC

Tag First Indicator Second Indicator Subfields
LEADER 00000cgm a2200000Ma 4500
001 in00005536713
006 m o c
007 cr |n|---||a|a
007 vz |zazu|
008 080501s1989 cau013 o vleng d
005 20260324205826.7
040 |a ALSTP  |b eng  |e pn  |c ALSTP  |d OCLCO  |d OCLCQ  |d OCLCF  |d OCLCQ  |d CUS  |d OCL  |d OCLCQ  |d OCLCO  |d OCLCQ  |d NRC  |d WYU  |d OCLCO  |d OCLCL 
035 |a (OCoLC)849672770 
049 |a TXAM 
245 0 0 |a Voguing :  |b the message /  |c Jack Walworth, David Bronstein, Dorothy Low. 
260 |a San Francisco, CA :  |b Frameline,  |c 1989. 
300 |a 1 online resource (13 min.). 
336 |a two-dimensional moving image  |b tdi  |2 rdacontent 
337 |a computer  |b c  |2 rdamedia 
338 |a online resource  |b cr  |2 rdacarrier 
344 |a digital  |2 rda 
347 |a streaming video file  |2 rda 
490 0 |a LGBT studies in video 
500 |a Title from resource description page (viewed May 16, 2013). 
508 |a Producers, directors, David Bronstein, Dorothy Low, Jack Walworth. 
511 0 |a Performers: Willi Ninja Field, Tanay Pendavis, Coco Extravaganza, Princess, Jose Extravaganza, Myra Field, Frankie Magnifique, Caesar Magnifique, Avid Pendavis, David Extravaganza, Connie Girl, International Crisis, Junior Magnifique, Frankie Extravaganza, Veronica Webb, Lisa Harington, Julie Jewels, Penny Extravaganza. 
520 |a Voguing: The Message traces the roots of this gay, black and Latino dance form, which appropriates and plays with poses and images from mainstream fashion. Footage from voguing competitions demonstrate their parody of fashion shows and how contestants are rated on the basis of movement, appearance and costume. A pre-Madonna primer, the documentary raises questions about race, sex, subcultural style and appropriation. 
546 |a This edition in English. 
650 0 |a Voguing (Dance)  |x History. 
650 6 |a Voguing (Danse)  |x Histoire. 
650 7 |a Voguing (Dance)  |2 fast  |0 (OCoLC)fst01168738 
655 2 |a Documentaries and Factual Films 
655 7 |a Documentary films.  |2 fast  |0 (OCoLC)fst01710390 
655 7 |a History.  |2 fast  |0 (OCoLC)fst01411628 
655 7 |a Nonfiction films.  |2 fast  |0 (OCoLC)fst01710269 
655 7 |a Short films.  |2 fast  |0 (OCoLC)fst01710364 
655 7 |a Documentary films.  |2 lcgft 
655 7 |a Nonfiction films.  |2 lcgft 
655 7 |a Short films.  |2 lcgft 
655 7 |a Documentaires.  |2 rvmgf 
655 7 |a Films autres que de fiction.  |2 rvmgf 
655 7 |a Courts métrages.  |2 rvmgf 
700 1 |a Bronstein, David,  |e director,  |e producer. 
700 1 |a Low, Dorothy,  |e director,  |e producer. 
700 1 |a Walworth, Jack,  |e director,  |e producer. 
710 2 |a Frameline (Firm),  |e film distributor. 
758 |i has work:  |a Voguing (MovingImage)  |1 https://id.oclc.org/worldcat/entity/E39PCGYyQgk4vMtcTQ6vY34xwC  |4 https://id.oclc.org/worldcat/ontology/hasWork 
856 4 0 |u http://proxy.library.tamu.edu/login?url=https://www.aspresolver.com/aspresolver.asp?MARC;1858377  |z Connect to this streaming video (Alexander Street Press)  |t 0 
955 |a Alexander Street Press subscription streaming video 
994 |a 92  |b TXA 
999 f f |s 221a1919-5172-4682-bd16-dcc00536319e  |i a462e809-c038-488b-8472-763d0a6c52e7  |t 0 
952 f f |a Texas A&M University  |b College Station  |c Electronic Resources  |s www_evans  |d Available Online  |t 0  |h Library of Congress classification 
998 f f |t 0  |l Available Online